Design of experiments using the taguch approach : 16 steps to product and process improvement /

Gespeichert in:
Bibliographische Detailangaben
1. Verfasser: Roy, Ranjit K.
Format: Buch
Sprache:Englisch
Veröffentlicht: Spojené štáty americké John Wiley and Sons, Inc. 2001
Schlagworte:
Tags: Tag hinzufügen
Keine Tags, Fügen Sie das erste Tag hinzu!

MARC

LEADER 00000nam a22000003a 4500
001 0112847
003 SK-STU
005 20241209105328.5
007 ta
008 241209s ----xo-----e------000-0-----d
020 |a 978-0-471-36101-5 
040 |a STU  |b slo 
041 0 |a eng 
044 |a xxu 
080 |a 681.3/Ro 
100 1 |a Roy, Ranjit K. 
245 1 0 |a Design of experiments using the taguch approach :  |b 16 steps to product and process improvement /  |c Ranjit K Roy 
260 |a Spojené štáty americké  |b John Wiley and Sons, Inc.  |c 2001 
300 |a 538 s. 
650 0 7 |a Taguchi 
650 0 7 |a taguchi method 
996 |b 284M089578  |c M* 14851-1  |l MMKN  |s A  |a 24  |w 0112847_0001